000 00693cam a2200181 4500
005 20131028044113.0
008 720417s1971 dcub 000 0 eng
020 _a0876093179
080 _a323.1
110 1 _aUnited States.
_bCongress.
_bHouse.
_bCommittee on Foreign Affairs.
_bSubcommittee on the Near East.
245 1 4 _aThe Middle East in crisis: problems and prospects;
260 _aWashington,
_bU.S. Govt. Print. Off.,
_c1971.
300 _avii, 28 p.
_bmap.
_c24 cm.
500 _aAt head of title: 92d Congress, 1st session. Committee print.
650 _aPolitika dhe qeverisja
_zLindja e mesme
651 0 _aMiddle East
_xPolitika dhe qeverisja
_y1945-1979.
942 _2udc
_cBK
999 _c155
_d155